¿Qué es cristianismo? / (Record no. 72815)

MARC details
000 -LEADER
campo de control de longitud fija 00503nam a2200169 i 4500
001 - NÚMERO DE CONTROL
campo de control 72815
003 - IDENTIFICADOR DE NÚMERO DE CONTROL
campo de control ES-MaACL
005 - FECHA Y HORA DE LA ÚLTIMA TRANSACCIÓN
campo de control 20230906171551.0
007 - CAMPO FIJO DE DESCRIPCIÓN FÍSICA--INFORMACIÓN GENERAL
campo de control de longitud fija t|
008 - DATOS DE LONGITUD FIJA--INFORMACIÓN GENERAL
campo de control de longitud fija 040903s1977 sp ||||1| spa d
100 1# - ENTRADA PRINCIPAL--NOMBRE DE PERSONA
Nombre de persona Gogarten, Friedrich.
9 (RLIN) 57593
245 10 - MENCIÓN DEL TÍTULO
Título ¿Qué es cristianismo? /
Mención de responsabilidad, etc. Friedrich Gogarten ; [versión de Félix de la Fuente].
260 ## - PUBLICACIÓN, DISTRIBUCIÓN, ETC.
Lugar de publicación, distribución, etc. Barcelona :
Nombre del editor, distribuidor, etc. Herder,
Fecha de publicación, distribución, etc. 1977.
300 ## - DESCRIPCIÓN FÍSICA
Extensión 171 p. ;
Dimensiones 20 cm.
700 1# - ENTRADA AGREGADA--NOMBRE PERSONAL
Nombre de persona Fuente, Félix de la.
9 (RLIN) 52836
852 ## - LOCALIZACIÓN
Ubicación ES-MaACL
Número de control de estantería A-7166
Sublocalización o colección R.96328
Holdings
Estatus retirado Estado de pérdida Estado de daño No para préstamo Biblioteca de origen Biblioteca actual Ubicación en estantería Fecha de adquisición Fuente de adquisición Total de préstamos Signatura topográfica completa Código de barras Visto por última vez Precio de reemplazo Tipo de ítem Koha
        Biblioteca del Ateneo de Madrid Biblioteca del Ateneo de Madrid Sala Pecera Planta 1 17/01/2008     A-7166 1076223 23/02/2023 23/02/2023 Libro impreso